000 00633nam a2200193Ia 4500
003 GCL
008 140319s9999 xx 000 0 ara d
040 _aGCL /
_cGCL
082 0 4 _a784.1
_bم ا
100 1 _aمحمد عمران ابوميس
245 1 0 _aالعاب الاطفال واغانيها فى مصر (هدية من الاديب عبدالفتاح الجمل) /
_cمحمد عمران ابوميس
300 _a111 ص
490 _aمكتبة التراث
_v0
650 0 4 _aالالعاب
650 0 4 _aحفلات الاطفال
650 0 4 _aالاغانى
650 0 4 _aاغانى الاطفال
942 _2ddc
_cBK
999 _c46786
_d46786